Je viens du sud - Michel Sardou - Statistiques

Statistiques générales
  • Ce quiz a été pris 153 fois
  • Le résultat moyen est 163 sur 221
Statistiques - réponses
Réponses % Correct
le
100%
du
98%
Et
98%
la
97%
par
96%
vie
96%
dans
95%
De
95%
de
95%
Je
95%
les
95%
Les
95%
Sud
95%
à
94%
a
94%
J'ai
94%
viens
94%
cœur
93%
mon
93%
mélancolie
92%
Que
91%
tous
91%
Un
91%
chemins
90%
J'y
90%
d'Italie
89%
barbare
86%
Des
86%
ma
86%
d'un
84%
vin
84%
Mélange
83%
m'ont
83%
reviens
83%
reviens>
83%
quelque
82%
Quelque
82%
Pour
80%
pour
80%
sang
80%
part
79%
en
78%
montagne
78%
78%
Une
78%
une
78%
campagne
76%
d'eau
76%
au
75%
l'eau
75%
mer
75%
cimetière
72%
tout
72%
puiser
71%
aller
70%
chevaux
70%
père
70%
Tiré
70%
sont
69%
ciel
68%
deux
68%
fond
68%
sentier
68%
chose
66%
est
66%
mémoire
66%
qui
66%
pierre
65%
chant
64%
maison
64%
couché
63%
croix
62%
femme
62%
mariage
61%
penchées
61%
rongée
61%
Au-dessus
59%
d'autrefois
59%
noir
57%
Après
56%
moi
55%
très
55%
vieille
55%
déjeuner
54%
mes
54%
soirs
54%
vents
53%
voix
53%
certains
52%
interminables
52%
discours
50%
jours
50%
lumières
50%
repos
47%
Illuminait
46%
colères
45%
crie
43%
Quand
43%
besoin
39%
Qu'une
39%
j'aurai
38%
soufflées
37%
l'heure
33%
pierres
33%
remettre
33%
horloges
32%
reviendrai
28%
L'envie
27%
jardin
26%
noces
3%
Être
2%
You
1%
also
0%
Connemara
0%
épouvantables
0%
lacs
0%
like
0%
Michel
0%
might
0%
Sardou
0%
Aucun quiz correspondant
Distribution des résultats
% des personnes avec chaque résultat
Percentile par nombre de réponses
Votre historique - résultats
Vous n’avez pas pris ce quiz